Management von Joint Ventures Fallbeispiele aus Europa, USA, China und Japan
Gespeichert in:
| 1. Verfasser: | |
|---|---|
| Format: | Buch |
| Sprache: | Deutsch |
| Veröffentlicht: |
Wiesbaden
Gabler
1990
|
| Ausgabe: | 1. Aufl. |
| Schlagworte: | |
| Tags: |
Keine Tags, Fügen Sie das erste Tag hinzu!
|
MARC
| LEADER | 00000nam a2200000 4500 | ||
|---|---|---|---|
| 001 | c000220 | ||
| 005 | 20221215125408.6 | ||
| 020 | |a 3-409-19129-1 | ||
| 041 | 0 | |a ger | |
| 044 | |a DE | ||
| 245 | 1 | 0 | |a Management von Joint Ventures |b Fallbeispiele aus Europa, USA, China und Japan |c Susan Goldenberg |
| 250 | |a 1. Aufl. | ||
| 264 | 1 | |a Wiesbaden |b Gabler |c 1990 | |
| 300 | |a 308 s. | ||
| 610 | 2 | 0 | |a manažment |
| 610 | 2 | 0 | |a podnik zmiešaný |
| 610 | 2 | 0 | |a podnik spoločný |
| 610 | 2 | 0 | |a Európa |
| 610 | 2 | 0 | |a USA |
| 610 | 2 | 0 | |a ČĽR |
| 610 | 2 | 0 | |a Japonsko |
| 610 | 2 | 0 | |a ZSSR |
| 610 | 2 | 0 | |a politika obchodná |
| 610 | 2 | 0 | |a podnikanie |
| 610 | 2 | 0 | |a rozhodovanie |
| 610 | 2 | 0 | |a stratégia podniková |
| 610 | 2 | 0 | |a politika výrobná |
| 610 | 2 | 0 | |a riadenie podnikové |
| 610 | 2 | 0 | |a teória riadenia |
| 100 | 1 | |a Goldenberg, Susan | |